[Event "Kieler Open 2014-B"]
[Site "Kiel"]
[Date "2014.08.04"]
[Round "5.10"]
[White "Bockelmann, Fred"]
[Black "Serbin, Alexander"]
[Result "1-0"]
[WhiteElo "1704"]
[BlackElo "1373"]
[PlyCount "103"]
[EventDate "2014.??.??"]
[WhiteTeam "Kieler SG"]
[BlackTeam "Kieler SG"]

1. e4 e5 2. Nf3 Nc6 3. Bb5 Nf6 4. O-O a6 5. Ba4 Bc5 6. c3 b5 7. Bb3 d6 8. d4
Bb6 9. dxe5 Nxe5 10. Nxe5 dxe5 11. Qxd8+ Kxd8 12. Bg5 Ke8 13. a4 Nxe4 14. Be3
Bb7 15. Bxb6 cxb6 16. Re1 f6 17. f3 Nc5 18. Bc2 Bc6 19. axb5 Bxb5 20. Na3 Bd3
21. Red1 Rd8 22. b4 Bxc2 23. Rxd8+ Kxd8 24. Nxc2 Nd7 25. Rxa6 Ke7 26. Ne3 Rb8
27. Ra7 Ke6 28. Kf2 f5 29. g3 f4 30. Nc2 Rc8 31. Ra3 Rc4 32. Ke2 g5 33. Kd3 Kd5
34. Ra7 Nf6 35. Rf7 e4+ 36. fxe4+ Nxe4 37. Rd7+ Nd6 38. Rxd6+ Kxd6 39. Kxc4 f3
40. Kd3 Ke5 41. Ne3 h5 42. Nc4+ Kf5 43. Nxb6 Kg4 44. Ke3 h4 45. gxh4 Kxh4 46.
Kxf3 Kh3 47. Nd5 g4+ 48. Kf2 Kxh2 49. Nf4 g3+ 50. Kf1 Kh1 51. Ng2 Kh2 52. b5
1-0

[Event "Kieler Open 2014-B"]
[Site "Kiel"]
[Date "2014.08.04"]
[Round "5.11"]
[White "Dao, Joerg"]
[Black "Dambrowski, Ralf"]
[Result "1-0"]
[WhiteElo "1426"]
[BlackElo "1485"]
[PlyCount "110"]
[EventDate "2014.??.??"]
[BlackTeam "Agon Neum?"]

1. h4 d5 2. d4 c5 3. c3 Nc6 4. Be3 cxd4 5. cxd4 Nf6 6. f3 e5 7. a3 e4 8. f4 Ng4
9. Qd2 Nxe3 10. Qxe3 Qb6 11. Qd2 Qxd4 12. e3 Qxd2+ 13. Kxd2 Bd6 14. Bb5 O-O 15.
Bxc6 bxc6 16. Ne2 Rb8 17. Kc2 Bc5 18. Nd4 Bxd4 19. exd4 Bf5 20. b4 Rfe8 21. Nc3
a6 22. Ne2 Re7 23. g3 Rbe8 24. Rae1 e3+ 25. Kc3 Bg4 26. Rh2 h6 27. Rg1 g6 28.
Kd3 Rb8 29. Rc1 Re6 30. Rhh1 a5 31. Rb1 axb4 32. Rxb4 Rxb4 33. axb4 Re4 34. Re1
f6 35. Nc3 Re7 36. Rxe3 Rb7 37. Na2 Kf7 38. Kc3 Ra7 39. Kb2 g5 40. Nc1 gxf4 41.
gxf4 Kg6 42. Re1 Kf5 43. Rf1 Ke4 44. Nb3 Bf3 45. Nd2+ Ke3 46. Nxf3 Ke2 47. Nh2
Rg7 48. Rc1 Kd3 49. Nf3 Rg2+ 50. Kb1 Rf2 51. Ne1+ Kd2 52. Rxc6 Kxe1 53. Rc1+
Kd2 54. Rc2+ Ke3 55. Rxf2 Kxf2 1-0

[Event "Kieler Open 2014-B"]
[Site "Kiel"]
[Date "2014.08.04"]
[Round "5.12"]
[White "Sowa, Kay"]
[Black "Hogreve, Holger"]
[Result "1-0"]
[WhiteElo "1452"]
[BlackElo "1510"]
[PlyCount "35"]
[EventDate "2014.??.??"]
[WhiteTeam "Doppelbauer Kiel"]
[BlackTeam "Eckernförde"]

1. e4 d5 2. exd5 Nf6 3. d4 Nxd5 4. c4 Nb4 5. Qa4+ N8c6 6. d5 b5 7. Qb3 Nd4 8.
Qc3 Ndc2+ 9. Kd1 Nxa1 10. Qxb4 Bf5 11. Qxb5+ Bd7 12. Qb4 e6 13. Qc3 exd5 14.
cxd5 Bf5 15. Qe5+ Be6 16. Bb5+ Ke7 17. Bg5+ f6 18. Qxe6# 1-0

[Event "Kieler Open 2014-B"]
[Site "Kiel"]
[Date "2014.08.04"]
[Round "5.13"]
[White "Untiedt, Urs Arved"]
[Black "Stolzenwald, Frank"]
[Result "1/2-1/2"]
[WhiteElo "1180"]
[BlackElo "1628"]
[PlyCount "41"]
[EventDate "2014.??.??"]
[WhiteTeam "Agon Neum?"]
[BlackTeam "SF Hamburg"]

1. c4 e5 2. Nc3 f5 3. f4 e4 4. d3 Bb4 5. Bd2 exd3 6. e3 Nf6 7. Bxd3 g6 8. a3
Bxc3 9. Bxc3 O-O 10. Nf3 b6 11. O-O Bb7 12. Qb3 c5 13. Bxf6 Rxf6 14. Rae1 Qe7
15. Bc2 Be4 16. Nd2 Bxc2 17. Qxc2 Re6 18. Qc3 Nc6 19. Nf3 Re8 20. Kf2 h6 21. h4
{(=)} 1/2-1/2

[Event "Kieler Open 2014-B"]
[Site "Kiel"]
[Date "2014.08.04"]
[Round "5.14"]
[White "Isler, Benjamin"]
[Black "Weck, Uwe"]
[Result "1-0"]
[WhiteElo "1274"]
[BlackElo "1693"]
[PlyCount "123"]
[EventDate "2014.??.??"]
[WhiteTeam "Flensburg"]
[BlackTeam "Kaltenkirchen"]

1. b4 e5 2. Bb2 e4 3. a4 d5 4. e3 Nf6 5. b5 Be7 6. c4 c6 7. d3 Bg4 8. Ne2 Bb4+
9. Bc3 Qa5 10. Qb3 Bxc3+ 11. Qxc3 Qc7 12. h3 Bxe2 13. Bxe2 O-O 14. O-O Nbd7 15.
Qc2 Rae8 16. cxd5 Nxd5 17. dxe4 cxb5 18. Qxc7 Nxc7 19. axb5 Ra8 20. Nc3 a6 21.
bxa6 bxa6 22. Nd5 Ne6 23. Ra5 Nec5 24. f3 Rfb8 25. Rd1 Kf8 26. Nc7 Ra7 27. Nxa6
Nxa6 28. Rxa6 Rxa6 29. Bxa6 Ke7 30. Kf2 f6 31. Bc4 Rc8 32. Bd5 Nb6 33. Rd4 Rc5
34. Kg3 Rc3 35. Kf2 Rc2+ 36. Kf1 Rc3 37. Ke2 Rc2+ 38. Rd2 Rxd2+ 39. Kxd2 Kd6
40. Bg8 h6 41. Ke2 Ke5 42. Kf2 g5 43. Bh7 Nc4 44. g3 Nd6 45. f4+ Ke6 46. Kf3
Kf7 47. h4 gxh4 48. gxh4 Nc4 49. h5 Nd2+ 50. Ke2 Nc4 51. Kd3 Nb2+ 52. Kd4 Nd1
53. Bg6+ Ke7 54. Bf5 Nb2 55. e5 fxe5+ 56. Kxe5 Nc4+ 57. Kd4 Nd6 58. Bg6 Kf6 59.
e4 Nc8 60. f5 Ne7 61. e5+ Kg5 62. Kc5 1-0

[Event "Kieler Open 2014-B"]
[Site "Kiel"]
[Date "2014.08.04"]
[Round "5.15"]
[White "Fleischmann, Yannic"]
[Black "Koch, Andreas Tigran"]
[Result "1-0"]
[WhiteElo "1355"]
[BlackElo "1214"]
[PlyCount "41"]
[EventDate "2014.??.??"]
[WhiteTeam "Segeberg"]
[BlackTeam "Eckernförde"]

1. e4 e5 2. Nf3 Nc6 3. Bc4 Bc5 4. c3 Nf6 5. d4 exd4 6. cxd4 Bb4+ 7. Nc3 Nxe4 8.
O-O Nxc3 9. bxc3 Bxc3 10. Ba3 d6 11. Rc1 Ba5 12. Qa4 O-O 13. d5 Ne7 14. Qxa5 b6
15. Qc3 Bb7 16. Bb2 f6 17. Rfd1 Qd7 18. Ng5 Rfe8 19. Ne6 Nxd5 20. Nxc7 Qxc7 21.
Bxd5+ 1-0

[Event "Kieler Open 2014-B"]
[Site "Kiel"]
[Date "2014.08.04"]
[Round "5.16"]
[White "Salwasser, Christian"]
[Black "Howe, Dietrich"]
[Result "0-1"]
[WhiteElo "1035"]
[BlackElo "1742"]
[PlyCount "50"]
[EventDate "2014.??.??"]
[WhiteTeam "SC Rastatt"]
[BlackTeam "Kaltenkirchen"]

1. e4 c5 2. Nf3 e6 3. d4 cxd4 4. Nxd4 a6 5. Nc3 Qc7 6. Be3 Nf6 7. Qd2 d6 8.
O-O-O b5 9. f4 Nbd7 10. f5 e5 11. Nf3 Bb7 12. Qd3 Nc5 13. Bxc5 Qxc5 14. Nd2 Ng4
15. Qf3 Nf2 16. Nb3 Qb6 17. Nd5 Bxd5 18. Rxd5 Nxh1 19. Rd2 a5 20. g4 a4 21. Na1
Be7 22. Qxh1 Bg5 23. Qg2 Bxd2+ 24. Qxd2 O-O 25. Qg5 Qf2 0-1

[Event "Kieler Open 2014-B"]
[Site "Kiel"]
[Date "2014.08.04"]
[Round "5.17"]
[White "Aden, Tönjes"]
[Black "Steffen, Jörn"]
[Result "1/2-1/2"]
[WhiteElo "862"]
[BlackElo "1314"]
[PlyCount "39"]
[EventDate "2014.??.??"]
[WhiteTeam "Segeberg"]
[BlackTeam "Flintbek"]

1. e4 c5 2. Nf3 e6 3. d4 cxd4 4. Nxd4 a6 5. Nd2 b5 6. Bd3 Bb7 7. O-O Qc7 8.
N4f3 d6 9. b3 Be7 10. Bb2 Bf6 11. Bxf6 Nxf6 12. a4 b4 13. Re1 O-O 14. e5 dxe5
15. Nxe5 Nc6 16. Ng4 Nxg4 17. Qxg4 Ne5 18. Qg3 Qc3 19. Qxe5 Qxd2 20. Rad1
1/2-1/2

[Event "Kieler Open 2014-B"]
[Site "Kiel"]
[Date "2014.08.04"]
[Round "5.18"]
[White "Gütschow, Finn Erik"]
[Black "Brockmann, Werner"]
[Result "0-1"]
[WhiteElo "943"]
[BlackElo "1415"]
[PlyCount "64"]
[EventDate "2014.??.??"]
[WhiteTeam "Segeberg"]
[BlackTeam "Kieler SG"]

1. e4 e6 2. d4 d5 3. exd5 exd5 4. Nc3 c6 5. Nf3 Bd6 6. Bg5 f6 7. Bh4 Bg4 8. h3
Bh5 9. Qe2+ Ne7 10. O-O-O O-O 11. Kb1 b5 12. g4 Bg6 13. g5 f5 14. Ne5 Bxe5 15.
dxe5 a5 16. Qf3 a4 17. b3 axb3 18. cxb3 Qe8 19. Bg3 Bh5 20. Qd3 Bxd1 21. Qxd1
f4 22. Bh2 Qd8 23. Bd3 Qa5 24. Kc2 Na6 25. e6 Nc5 26. Qg4 b4 27. Qh4 Nxd3 28.
Kxd3 bxc3 29. g6 Nxg6 30. Qg5 Qb5+ 31. Kxc3 d4+ 32. Kd2 Qxg5 0-1

[Event "Kieler Open 2014-B"]
[Site "Kiel"]
[Date "2014.08.05"]
[Round "6.1"]
[White "Koch, Ralf-Johannes"]
[Black "Schumacher, Horst"]
[Result "1/2-1/2"]
[WhiteElo "1750"]
[BlackElo "1809"]
[PlyCount "36"]
[EventDate "2014.??.??"]
[WhiteTeam "Eckernförde"]
[BlackTeam "Holtenau"]

1. Nf3 d5 2. d4 Bf5 3. Bf4 e6 4. e3 Bd6 5. Bg3 h6 6. Bd3 Bxd3 7. Qxd3 Bxg3 8.
hxg3 Nd7 9. Nbd2 Ngf6 10. O-O-O c6 11. e4 dxe4 12. Nxe4 Nxe4 13. Qxe4 Qa5 14.
Kb1 Rf8 15. Ne5 O-O-O 16. Nxd7 Kxd7 17. Rd3 Kc8 18. Rhd1 Qd5 {(=)} 1/2-1/2

[Event "Kieler Open 2014-B"]
[Site "Kiel"]
[Date "2014.08.05"]
[Round "6.2"]
[White "Herrmann, Sabine"]
[Black "Slesicki, Andreas"]
[Result "0-1"]
[WhiteElo "1537"]
[BlackElo "1623"]
[PlyCount "84"]
[EventDate "2014.??.??"]
[WhiteTeam "SF Hamburg"]
[BlackTeam "Doppelbauer Kiel"]

1. e4 c5 2. Nf3 d6 3. d4 cxd4 4. Nxd4 Nf6 5. Nc3 g6 6. Bb5+ Bd7 7. Bxd7+ Qxd7
8. Qf3 Bg7 9. Nce2 Nc6 10. Be3 Ne5 11. Qg3 Nxe4 12. Qh4 Nf6 13. Bh6 O-O 14.
Bxg7 Kxg7 15. O-O-O Rac8 16. f4 Nc4 17. Rd3 a6 18. Rh3 h5 19. f5 e5 20. Nb3
Qxf5 21. Rf3 Qe6 22. Rhf1 Nd5 23. Rg3 Nce3 24. Nbd4 exd4 25. Qxd4+ Qe5 26. Re1
Rxc2+ 27. Kb1 Qxd4 28. Nxd4 Rxg2 29. Rgxe3 Nxe3 30. Rxe3 Rxh2 31. a3 Kf6 32.
Rd3 Ke7 33. Ka2 h4 34. Rb3 b5 35. Rc3 Kd7 36. Nb3 Rc8 37. Rf3 f5 38. Rf1 Rcc2
39. Rb1 h3 40. Nd4 Rxb2+ 41. Rxb2 Rxb2+ 42. Kxb2 h2 0-1

[Event "Kieler Open 2014-B"]
[Site "Kiel"]
[Date "2014.08.05"]
[Round "6.3"]
[White "Eberhardt, Michael"]
[Black "Bornhorst, Lars"]
[Result "0-1"]
[WhiteElo "1723"]
[BlackElo "1652"]
[PlyCount "120"]
[EventDate "2014.??.??"]
[WhiteTeam "Agon Neum?"]
[BlackTeam "Bad Essen"]

1. d4 Nf6 2. Bf4 g6 3. c4 Bg7 4. Nc3 d6 5. e4 O-O 6. Nf3 Nh5 7. Be3 e5 8. Be2
Nc6 9. Qd2 f5 10. Bh6 exd4 11. Bxg7 Nxg7 12. Nxd4 Nxd4 13. Qxd4 Ne6 14. Qd2 Nc5
15. O-O-O fxe4 16. b4 Nd3+ 17. Bxd3 exd3 18. Qxd3 Qg5+ 19. f4 Qxf4+ 20. Kb2 Be6
21. Kb3 Rae8 22. Nd5 Qf7 23. Rhf1 Qg7 24. Qc3 Rxf1 25. Rxf1 Bxd5 26. Qxg7+ Kxg7
27. cxd5 Rf8 28. Re1 Kf7 29. h4 Re8 30. Rf1+ Ke7 31. g4 Rf8 32. Re1+ Kd7 33.
Re4 c6 34. Kc4 Rf2 35. a4 Rc2+ 36. Kd3 cxd5 37. Rf4 Rc4 38. Rf7+ Kc6 39. Rxh7
Rxg4 40. h5 gxh5 41. b5+ Kc5 42. Rxh5 Rxa4 43. Rh7 b6 44. Rd7 Kxb5 45. Rxd6 Kc5
46. Rd8 Rc4 47. Rc8+ Kb4 48. Rd8 Rc5 49. Rd6 Ka5 50. Kd4 a6 51. Re6 Kb5 52. Re1
a5 53. Rb1+ Kc6 54. Ra1 Rc4+ 55. Kd3 a4 56. Rh1 b5 57. Rh6+ Kc5 58. Ra6 Kb4 59.
Rd6 d4 60. Ra6 a3 0-1

[Event "Kieler Open 2014-B"]
[Site "Kiel"]
[Date "2014.08.05"]
[Round "6.4"]
[White "Bosselmann, Tom Linus"]
[Black "Schmidt, Niko"]
[Result "1/2-1/2"]
[WhiteElo "1535"]
[BlackElo "1811"]
[PlyCount "50"]
[EventDate "2014.??.??"]
[WhiteTeam "Lübeck"]
[BlackTeam "Kaltenkirchen"]

1. c4 e5 2. Nc3 Nf6 3. g3 Nc6 4. Bg2 Be7 5. e3 O-O 6. Nge2 d6 7. d4 exd4 8.
exd4 Bf5 9. a3 Qd7 10. O-O Bh3 11. Nf4 Bxg2 12. Nxg2 d5 13. c5 Ne4 14. Nxe4
dxe4 15. Be3 Rfd8 16. Qc2 Nxd4 17. Qxe4 Nc6 18. f4 Bf6 19. Rab1 Re8 20. Rbd1
Qxd1 21. Qxe8+ Rxe8 22. Rxd1 Bxb2 23. Rb1 Bxa3 24. Rxb7 Rc8 25. Ne1 Bb4 {(=)}
1/2-1/2

[Event "Kieler Open 2014-B"]
[Site "Kiel"]
[Date "2014.08.05"]
[Round "6.5"]
[White "Pape, Rainer"]
[Black "Sowa, Kay"]
[Result "1/2-1/2"]
[WhiteElo "1891"]
[BlackElo "1452"]
[PlyCount "52"]
[EventDate "2014.??.??"]
[WhiteTeam "Quickborn"]
[BlackTeam "Doppelbauer Kiel"]

1. e4 c5 2. Bc4 e6 3. Nc3 a6 4. a4 b6 5. Nf3 Bb7 6. d3 Nc6 7. O-O Qc7 8. Ne2
Bd6 9. c3 Nf6 10. h3 h6 11. Qe1 g5 12. Ng3 g4 13. e5 Nxe5 14. Nxe5 Bxe5 15.
hxg4 Nxg4 16. f4 Bd6 17. Nf5 O-O-O 18. Nxd6+ Qxd6 19. Qe2 Rdg8 20. d4 Ne3 21.
Bxe3 Rxg2+ 22. Qxg2 Bxg2 23. Kxg2 Qc6+ 24. Kf2 Qe4 25. Bxa6+ Kc7 26. dxc5 bxc5
{(=)} 1/2-1/2

[Event "Kieler Open 2014-B"]
[Site "Kiel"]
[Date "2014.08.05"]
[Round "6.6"]
[White "Rommeck, Christiane"]
[Black "Roca Llorca, Josep"]
[Result "0-1"]
[WhiteElo "1442"]
[BlackElo "1717"]
[PlyCount "26"]
[EventDate "2014.??.??"]
[WhiteTeam "Flintbek"]

1. e4 c5 2. Nf3 Nc6 3. d4 cxd4 4. Nxd4 g6 5. Be3 Bg7 6. a3 Nf6 7. Nd2 O-O 8.
Bd3 d5 9. Nxc6 bxc6 10. e5 Ng4 11. Bc5 Nxe5 12. O-O Nxd3 13. Qe2 Nxc5 0-1

[Event "Kieler Open 2014-B"]
[Site "Kiel"]
[Date "2014.08.05"]
[Round "6.7"]
[White "Bockelmann, Fred"]
[Black "Dao, Joerg"]
[Result "1/2-1/2"]
[WhiteElo "1704"]
[BlackElo "1426"]
[PlyCount "132"]
[EventDate "2014.??.??"]
[WhiteTeam "Kieler SG"]

1. e4 e5 2. Nf3 Qf6 3. Nc3 c6 4. d3 h6 5. h3 Bd6 6. Be3 Bc7 7. Be2 d6 8. Qd2 g5
9. Nh2 a6 10. Ng4 Qg6 11. h4 h5 12. hxg5 Rh7 13. Nh6 Nxh6 14. Bxh5 Qg8 15. gxh6
Qxg2 16. O-O-O Qg8 17. Rhg1 Qf8 18. Rg3 Nd7 19. Rdg1 Nf6 20. f3 Be6 21. Rg7
O-O-O 22. Rxh7 Nxh7 23. Rg7 Nf6 24. Qh2 Re8 25. Qh4 Bd8 26. Bg5 Nxh5 27. Qxh5
f6 28. Bd2 Qh8 29. Qg6 Rg8 30. Ne2 Rxg7 31. Qxg7 Qxg7 32. hxg7 Kd7 33. Ng3 Ke8
34. Nf5 Kf7 35. Nxd6+ Kxg7 36. Nxb7 Bb6 37. Na5 Bxa5 38. Bxa5 f5 39. Bc7 Kf6
40. a3 fxe4 41. fxe4 Bg4 42. Kd2 Be6 43. Kc3 Bg4 44. Kb4 Bd1 45. c3 Bc2 46. d4
exd4 47. e5+ Ke6 48. cxd4 Bd3 49. Bb6 Kd5 50. Kc3 Bf1 51. b4 Bb5 52. Kb3 Bc4+
53. Kc3 Bb5 54. Kd2 Bc4 55. Ke3 Ke6 56. Kf4 Bd3 57. Kg5 Be4 58. Kh6 Kf7 59. Bc5
Bf5 60. Kg5 Be4 61. Kf4 Bd5 62. Kf5 Be6+ 63. Kg5 Bd5 64. a4 Bb3 65. Kf5 Bc2+
66. Kf4 Bxa4 1/2-1/2

[Event "Kieler Open 2014-B"]
[Site "Kiel"]
[Date "2014.08.05"]
[Round "6.8"]
[White "Gutschenreiter, Donato"]
[Black "Lange, Edgar"]
[Result "1-0"]
[WhiteElo "1392"]
[BlackElo "1481"]
[PlyCount "107"]
[EventDate "2014.??.??"]
[WhiteTeam "Flensburg"]
[BlackTeam "Kieler SG"]

1. e4 e5 2. Nf3 Nc6 3. Bc4 Bc5 4. c3 Nf6 5. d3 d6 6. h3 a6 7. Bb3 O-O 8. O-O h6
9. Re1 Re8 10. Nbd2 b5 11. Nf1 Bb6 12. Ng3 Na5 13. Bc2 c5 14. a3 Nc6 15. Be3
Qc7 16. Qd2 Qe7 17. Rf1 Be6 18. Nh2 Bc7 19. Ne2 d5 20. f4 d4 21. cxd4 exd4 22.
Bf2 Rad8 23. f5 Bc8 24. Nf3 Bxf5 25. exf5 Qxe2 26. Qxe2 Rxe2 27. Rac1 Rde8 28.
Bd1 R2e7 29. Rxc5 Ne5 30. Nxe5 Bxe5 31. Bf3 Rd8 32. Re1 Rde8 33. Rec1 Bf4 34.
R1c2 Be3 35. Rc8 Kf8 36. Rxe8+ Rxe8 37. Rc6 Nd7 38. Rc7 Ne5 39. Be4 Bxf2+ 40.
Kxf2 f6 41. Ra7 Rc8 42. Rxa6 Rc2+ 43. Ke1 Rxb2 44. Ra8+ Ke7 45. Rg8 Rb3 46.
Rxg7+ Kd6 47. Kd2 Rxa3 48. Rh7 Ra2+ 49. Kc1 b4 50. Rxh6 Ra3 51. Rxf6+ Ke7 52.
Re6+ Kd7 53. Rxe5 Rc3+ 54. Kb2 1-0

[Event "Kieler Open 2014-B"]
[Site "Kiel"]
[Date "2014.08.05"]
[Round "6.9"]
[White "Fleischmann, Yannic"]
[Black "Busse, Gerd"]
[Result "0-1"]
[WhiteElo "1355"]
[BlackElo "1835"]
[PlyCount "70"]
[EventDate "2014.??.??"]
[WhiteTeam "Segeberg"]
[BlackTeam "Quickborn"]

1. e4 e6 2. d4 d5 3. Nd2 c5 4. Ne2 Nf6 5. e5 Nfd7 6. c3 Nc6 7. Nf3 Qb6 8. Qb3
cxd4 9. Qxb6 axb6 10. cxd4 Nb4 11. Kd1 Nd3 12. Be3 Nxb2+ 13. Kc2 Nc4 14. Nc3
Ra5 15. Bxc4 dxc4 16. a4 Nb8 17. Nd2 Bd7 18. Nxc4 Ra6 19. Rhb1 Bc6 20. Nb5 Kd7
21. f3 Be7 22. a5 bxa5 23. Rxa5 Rc8 24. Rxa6 Bxb5 25. Rd6+ Bxd6 26. Rxb5 Rxc4+
27. Kb3 Rc7 28. exd6 Rc8 29. Rxb7+ Ke8 30. Bd2 Nd7 31. Bb4 Rb8 32. Rc7 f6 33.
Kc4 Nb6+ 34. Kc5 Nd7+ 35. Kc6 Rb6# 0-1

[Event "Kieler Open 2014-B"]
[Site "Kiel"]
[Date "2014.08.05"]
[Round "6.10"]
[White "Untiedt, Urs Arved"]
[Black "Zielke, Bernd"]
[Result "0-1"]
[WhiteElo "1180"]
[BlackElo "1699"]
[PlyCount "74"]
[EventDate "2014.??.??"]
[WhiteTeam "Agon Neum?"]
[BlackTeam "Holtenau"]

1. c4 f5 2. d4 Nf6 3. Nf3 d6 4. Nc3 c6 5. Bg5 g6 6. g3 Bg7 7. Bg2 O-O 8. O-O
Qc7 9. Qb3 Be6 10. a4 Bf7 11. Nd2 Nbd7 12. Qc2 e5 13. dxe5 Nxe5 14. b3 Rfe8 15.
e4 Nxe4 16. Ndxe4 fxe4 17. Bxe4 Ng4 18. f3 Nf6 19. Rad1 Rad8 20. Bf4 Nh5 21.
Bxd6 Rxd6 22. Rxd6 Qxd6 23. Rd1 Qc5+ 24. Kg2 Nf6 25. Bd3 Qe3 26. Be2 Be6 27.
Rd3 Qe5 28. Qd2 Bf5 29. Rd8 Kf8 30. f4 Qa5 31. Qd6+ Kf7 32. Rxe8 Nxe8 33. Qb8
Bxc3 34. Qxb7+ Qc7 35. Qxc7+ Nxc7 36. Bf3 Bc2 37. Bxc6 Bxb3 0-1

[Event "Kieler Open 2014-B"]
[Site "Kiel"]
[Date "2014.08.05"]
[Round "6.11"]
[White "Dambrowski, Ralf"]
[Black "Isler, Benjamin"]
[Result "0-1"]
[WhiteElo "1485"]
[BlackElo "1274"]
[PlyCount "62"]
[EventDate "2014.??.??"]
[WhiteTeam "Agon Neum?"]
[BlackTeam "Flensburg"]

1. e4 e6 2. d4 d5 3. e5 c5 4. c3 Nc6 5. Nf3 Qb6 6. Bd3 Bd7 7. Bc2 cxd4 8. cxd4
Bb4+ 9. Kf1 f6 10. exf6 Nxf6 11. a3 Be7 12. Nc3 Rf8 13. g3 Ne4 14. h3 Nxd4 15.
Qxd4 Qxd4 16. Nxd4 Nxf2 17. Be3 Nxh1+ 18. Kg2 Nxg3 19. Kxg3 g6 20. Re1 Bf6 21.
Bf2 Kf7 22. Bd1 a6 23. Bg4 Rfe8 24. Nf3 h5 25. Ne5+ Bxe5+ 26. Rxe5 hxg4 27.
hxg4 Rac8 28. Bd4 Rc4 29. Ne2 Bb5 30. Kf4 Ra4 31. Ke3 Bxe2 0-1

[Event "Kieler Open 2014-B"]
[Site "Kiel"]
[Date "2014.08.05"]
[Round "6.12"]
[White "Kollhoff, Josef"]
[Black "Westphal-Stubbe, Siegbert"]
[Result "1/2-1/2"]
[WhiteElo "1741"]
[BlackElo "1833"]
[PlyCount "73"]
[EventDate "2014.??.??"]
[WhiteTeam "Kieler SG"]
[BlackTeam "Plön"]

1. d4 e6 2. Nf3 b6 3. g3 Bb7 4. Bg2 Bb4+ 5. c3 Be7 6. O-O c5 7. c4 cxd4 8. Qxd4
Nf6 9. b3 d6 10. Bb2 Nbd7 11. Nc3 a6 12. Rfe1 O-O 13. e4 Qc7 14. Na4 Nc5 15.
Nxc5 bxc5 16. Qc3 e5 17. Nd2 Rfd8 18. f3 a5 19. Nf1 Bc6 20. a4 Qb7 21. Ba3 Rdb8
22. Nd2 Ne8 23. h4 Nc7 24. Bb2 Ne6 25. Qd3 Nd4 26. Bc3 Qc8 27. Bxd4 exd4 28. e5
dxe5 29. Rxe5 Bf8 30. Kh2 Bd7 31. Rae1 Bd6 32. R5e2 g6 33. f4 Ra6 34. Bd5 Bf5
35. Qf3 Bd7 36. Qd3 Bf5 37. Be4 1/2-1/2

[Event "Kieler Open 2014-B"]
[Site "Kiel"]
[Date "2014.08.05"]
[Round "6.13"]
[White "Stolzenwald, Frank"]
[Black "Howe, Dietrich"]
[Result "1-0"]
[WhiteElo "1628"]
[BlackElo "1742"]
[PlyCount "59"]
[EventDate "2014.??.??"]
[WhiteTeam "SF Hamburg"]
[BlackTeam "Kaltenkirchen"]

1. b4 d5 2. Bb2 e6 3. Nf3 Nf6 4. b5 Bd7 5. a4 c6 6. e3 b6 7. Ne5 Qc7 8. Nxd7
Nbxd7 9. c4 c5 10. Be2 Rd8 11. f4 Bd6 12. O-O O-O 13. Rf3 d4 14. Qf1 dxe3 15.
dxe3 Ne4 16. Rh3 Ndf6 17. g4 e5 18. g5 Nd7 19. Bd3 Qb7 20. Qg2 f5 21. gxf6 Rxf6
22. Bxe4 Qc7 23. Rxh7 Nf8 24. Rh4 Qd7 25. fxe5 Bxe5 26. Bd5+ Ne6 27. Bxe5 Qf7
28. Bxf6 Qxf6 29. Rf4 Qxa1 30. Bxe6+ 1-0

[Event "Kieler Open 2014-B"]
[Site "Kiel"]
[Date "2014.08.05"]
[Round "6.14"]
[White "Hogreve, Holger"]
[Black "Schmieder, Kerstin"]
[Result "0-1"]
[WhiteElo "1510"]
[BlackElo "1683"]
[PlyCount "104"]
[EventDate "2014.??.??"]
[WhiteTeam "Eckernförde"]
[BlackTeam "Rodewischer Schachmiezen"]

1. Nf3 g6 2. d4 Bg7 3. Bg5 d6 4. c3 Nf6 5. Bxf6 Bxf6 6. e3 O-O 7. Bc4 Nc6 8.
Nbd2 e6 9. O-O Bg7 10. e4 Re8 11. Re1 a6 12. a4 Rb8 13. d5 exd5 14. exd5 Ne5
15. Bf1 Bg4 16. Be2 Bxf3 17. Nxf3 Qf6 18. h3 Re7 19. Rc1 Rbe8 20. Qd2 h5 21. c4
Nxf3+ 22. Bxf3 Rxe1+ 23. Rxe1 Rxe1+ 24. Qxe1 Qxb2 25. Qe8+ Bf8 26. Qb8 Qb6 27.
g4 hxg4 28. hxg4 Kg7 29. Kg2 a5 30. Be2 Be7 31. Qe8 Bf6 32. Qb5 Qxb5 33. cxb5
Be5 34. Kf3 Kf6 35. Ke4 Kg5 36. Bd1 f5+ 37. gxf5 gxf5+ 38. Kf3 Bd4 39. Be2 Be5
40. Bd3 Bf4 41. Bc2 Bc1 42. Bd3 Kf6 43. Bc2 Ke5 44. Bb3 Kd4 45. Ke2 Kc3 46. Bd1
Kc4 47. Bc2 Kxd5 48. Bxf5 c5 49. bxc6 Kxc6 50. Kd1 Bh6 51. Be4+ d5 52. Kc2 dxe4
0-1

[Event "Kieler Open 2014-B"]
[Site "Kiel"]
[Date "2014.08.05"]
[Round "6.16"]
[White "Weck, Uwe"]
[Black "Aden, Tönjes"]
[Result "1-0"]
[WhiteElo "1693"]
[BlackElo "862"]
[PlyCount "71"]
[EventDate "2014.??.??"]
[WhiteTeam "Kaltenkirchen"]
[BlackTeam "Segeberg"]

1. d4 d5 2. c4 c6 3. Nc3 Nf6 4. Nf3 Bg4 5. Ne5 Nbd7 6. h3 Bf5 7. cxd5 cxd5 8.
Bg5 h6 9. Bf4 e6 10. e3 a6 11. g4 Be4 12. f3 Bh7 13. h4 Bb4 14. Bd3 Rc8 15.
Bxh7 Rxh7 16. Qd3 Qa5 17. Kd2 Kf8 18. Rhc1 Kg8 19. a3 Bd6 20. b4 Qb6 21. Nxd7
Nxd7 22. Nxd5 Qd8 23. Rxc8 Qxc8 24. Bxd6 exd5 25. Qf5 Qc6 26. Bf4 g6 27. Qd3 h5
28. Rc1 Qf6 29. g5 Qe6 30. Rc7 b5 31. Qc2 Kg7 32. Rc6 Qh3 33. Rd6 Nf8 34. Be5+
Kg8 35. Rd8 Qe6 36. Qc5 1-0

[Event "Kieler Open 2014-B"]
[Site "Kiel"]
[Date "2014.08.05"]
[Round "6.17"]
[White "Steffen, Jörn"]
[Black "Maaß, Ralf"]
[Result "1/2-1/2"]
[WhiteElo "1314"]
[BlackElo "1208"]
[PlyCount "56"]
[EventDate "2014.??.??"]
[WhiteTeam "Flintbek"]
[BlackTeam "Flensburg"]

1. d4 d5 2. c4 c6 3. Nf3 Nf6 4. Nc3 Bf5 5. e3 e6 6. cxd5 cxd5 7. Nh4 Bg6 8.
Nxg6 fxg6 9. g3 Bb4 10. Bg2 Nc6 11. Bd2 O-O 12. O-O Rc8 13. a3 Ba5 14. b4 Bb6
15. Na4 a6 16. Rb1 Na7 17. Nc5 Bxc5 18. bxc5 Rb8 19. a4 b6 20. Qc2 Qc7 21. Qd3
bxc5 22. Qxa6 cxd4 23. Qxe6+ Qf7 24. Qxf7+ Kxf7 25. exd4 Rfe8 26. Be3 Nc6 27.
Rxb8 Rxb8 28. Rc1 Na5 1/2-1/2

[Event "Kieler Open 2014-B"]
[Site "Kiel"]
[Date "2014.08.05"]
[Round "6.18"]
[White "Koch, Andreas Tigran"]
[Black "Brockmann, Werner"]
[Result "1-0"]
[WhiteElo "1214"]
[BlackElo "1415"]
[PlyCount "31"]
[EventDate "2014.??.??"]
[WhiteTeam "Eckernförde"]
[BlackTeam "Kieler SG"]

1. e4 d6 2. Nf3 g6 3. Bc4 e6 4. O-O Nf6 5. Nc3 Bg7 6. d4 O-O 7. e5 Ne8 8. Qe2
a6 9. Bg5 f6 10. exf6 Nxf6 11. Bxe6+ Bxe6 12. Qxe6+ Kh8 13. Rae1 Nc6 14. Nd5 h6
15. Nxf6 hxg5 16. Qh3+ 1-0

[Event "Kieler Open 2014-B"]
[Site "Kiel"]
[Date "2014.08.05"]
[Round "6.19"]
[White "Gütschow, Finn Erik"]
[Black "Salwasser, Christian"]
[Result "1-0"]
[WhiteElo "943"]
[BlackElo "1035"]
[PlyCount "91"]
[EventDate "2014.??.??"]
[WhiteTeam "Segeberg"]
[BlackTeam "SC Rastatt"]

1. e4 e5 2. Nf3 Nc6 3. d4 exd4 4. Bc4 Bc5 5. Ng5 d5 6. exd5 Na5 7. Qf3 Qf6 8.
Qxf6 Nxf6 9. Bb5+ Bd7 10. Bxd7+ Nxd7 11. c3 Bb6 12. O-O O-O 13. Bf4 Nf6 14.
cxd4 Nxd5 15. Bd2 Nc6 16. Nc3 Rad8 17. Nxd5 Rxd5 18. Nf3 Nxd4 19. Nxd4 Rxd4 20.
Be3 Rd6 21. Bxb6 Rxb6 22. b3 Rc6 23. Rfe1 g6 24. Rac1 Rxc1 25. Rxc1 Rc8 26. g3
a5 27. a4 c5 28. f4 Rc6 29. Kf2 b6 30. Ke3 Re6+ 31. Kd3 Rd6+ 32. Kc4 Rd4+ 33.
Kb5 Rb4+ 34. Kc6 Rxb3 35. Rc2 Rb4 36. Rc1 Rxa4 37. Kxb6 Ra2 38. h4 c4 39. Rxc4
Ra3 40. g4 Rh3 41. h5 gxh5 42. g5 Rb3+ 43. Kxa5 h4 44. f5 h3 45. f6 Rb1 46.
Rc8# 1-0

[Event "Kieler Open 2014-B"]
[Site "Kiel"]
[Date "2014.08.06"]
[Round "7.1"]
[White "Bornhorst, Lars"]
[Black "Koch, Ralf-Johannes"]
[Result "0-1"]
[WhiteElo "1652"]
[BlackElo "1750"]
[PlyCount "47"]
[EventDate "2014.??.??"]
[WhiteTeam "Bad Essen"]
[BlackTeam "Eckernförde"]

1. d4 Nf6 2. c4 g6 3. Nc3 Bg7 4. e4 d6 5. Nf3 O-O 6. Be2 Na6 7. h3 e5 8. Be3
Qe7 9. d5 Nd7 10. g4 Ndc5 11. g5 f5 12. gxf6 Qxf6 13. Qd2 Nb4 14. Nb5 Nba6 15.
O-O-O Nxe4 16. Qe1 Bd7 17. Nc3 Nxc3 18. Qxc3 Nc5 19. Nd2 Bf5 20. b4 Ne4 21.
Nxe4 Bxe4 22. Rhg1 c6 23. Bd3 cxd5 24. Bg5 0-1